Score 0/25 Timer 06:00
0 Plays Today
% Correct
than studio albums
93.8%
1154 cups of coffee
91.4%
the same flag
91.3%
completely spherical
90.3%
one eye open
90.1%
the first Beatles single
89.8%
painting eyes on their bottoms
87.9%
the ocean floor
87.8%
billionaire
85.9%
foot off the ground
85.5%
French air traffic controllers
85.3%
fossilized hyena poo
83.9%
the man who invented the game
83.4%
% Correct
an aardvark had chewed through a power cable
82.5%
nuclear weapons
82.3%
spoon
82.1%
start line of the Boston Marathon
79.7%
a bulletproof umbrella
76.8%
recipes for sushi
76.5%
Winston Churchill
73.2%
his or her mother
71.7%
strippers at funerals
70.4%
wear pointy shoes
60.6%
llama
58%
Trump
54.7%
Remove Ads.
Support Sporcle.
Get the best of Sporcle when you Go Orange. This ad-free experience offers more features, more stats, and more fun while also helping to support Sporcle. Thank you for becoming a member.

You're not logged in!

Compare scores with friends on all Sporcle quizzes.
OR
Log In

Show Comments

Extras

Top Quizzes Today


Score Distribution

Your Account Isn't Verified!

In order to create a playlist on Sporcle, you need to verify the email address you used during registration. Go to your Sporcle Settings to finish the process.

Report this User

Report this user for behavior that violates our Community Guidelines.

Details: